Escola d'Administració Pública de Catalunya
Publicado:
Barcelona :
Generalitat de Catalunya. Escola d'Administració Pública de Catalunya, [1987?]
Descripción Física:
22 p. : il. ; 27 cm
MARC
| LEADER | 00000nam a2200000Ia 4500 | ||
|---|---|---|---|
| 001 | 6313 | ||
| 008 | 160829s9999 xx 000 0 cat d | ||
| 080 | |a FU-16-29 | ||
| 245 | |a Escola d'Administració Pública de Catalunya | ||
| 260 | |a Barcelona : |b Generalitat de Catalunya. Escola d'Administració Pública de Catalunya, [1987?] | ||
| 300 | |a 22 p. : |b il. ; |c 27 cm | ||
| 590 | |a A la coberta: '75 Aniversari, 1912-1987'. | ||
| 590 | |a Hi ha un duplicat: DUP-21-63 | ||
| 650 | |a Escola d'Administració Pública de Catalunya |x Història |9 32037 | ||
| 710 | 1 | |a Catalunya. |b Generalitat |9 12125 | |
| 901 | |a Arxiu | ||
| 942 | |n 1 | ||
| 952 | |0 0 |1 0 |4 0 |6 FU1629 |7 1 |9 45843 |a Arxiu |b Arxiu |d 2016-12-01 |l 0 |o FU-16-29 |p 6313 |r 2016-12-01 00:00:00 |w 2016-12-01 |y ARXIU | ||
| 999 | |c 49343 |d 49343 | ||